| 000 | 00373nam a22001457a 4500 | ||
|---|---|---|---|
| 020 | _a817648122X | ||
| 082 |
_a305.409 54 _bTHA/W |
||
| 100 |
_aThara Bhai L _960649 |
||
| 245 |
_aWomen's studies in India/ _cby Thara Bhai L |
||
| 260 |
_aNewdelhi: _bA P H, _c1999. |
||
| 300 | _a232p. | ||
| 650 |
_aWomens studies _960650 |
||
| 650 |
_aSocial Sciences _960651 |
||
| 942 | _cBK | ||
| 999 |
_c139367 _d139367 |
||